00460nam a2200157Ia 450000500170000000800410001704000190005804100120007708200160008910000180010524501010012326000310022430000190025565000180027485000100029220240802102401.0131103s9999 xx 000 0 und d aLoreto College aEnglish a822.07bCOB aCobby, Maisie aCalling all playmakersb a graded course in drama for pupils in secondary schools cMaisie Cobby aLondonbIsaac Pitmanc1962 ax,142p.b ill. aEnglish drama aLCBED